000 00460nam a2200193Ia 4500
005 20240823012455.0
008 240823s9999||||xx |||||||||||||| ||und||
020 _a0-19-829541-3
041 _aENGLISH
082 _A658.4038 P0
100 _a"Teece,David J"
245 0 _aManaging Intellectual Capital
250 _a1st
260 _c2000
_b"Oxford,New"
500 _aYES
650 _aManagement
_bManagement Studies
942 _cBK
999 _c164499
_d164499